Countries with most islands - Statistics

General Stats
  • This quiz has been taken 46 times
  • The average score is 6 of 7
Answer Stats
Islands Country % Correct
52,455 Canada
95%
18,617 United States
92%
239,057 Norway
87%
17,504 Indonesia
84%
267,570 Sweden
84%
14,125 Japan
79%
178,947 Finland
76%
No matching quizzes found
Score Distribution
Percent of People with Each Score
Percentile by Number Answered
Your Score History
You have not taken this quiz